[Event "Rilton Cup 50th"]
[Site "Stockholm"]
[Date "2023.01.03"]
[Round "7"]
[White "Thorn, Eric"]
[Black "Aditya, Mittal"]
[Result "1/2-1/2"]
[WhiteElo "2397"]
[BlackElo "2479"]
[PlyCount "94"]
[EventDate "2022.12.27"]
[EventType "swiss"]
[EventRounds "9"]
[EventCountry "SWE"]
[SourceTitle "CBM 212 Extra"]
[Source "ChessBase"]
[SourceDate "2023.03.31"]
[SourceVersion "1"]
[SourceVersionDate "2023.03.31"]
[SourceQuality "1"]

1. d4 Nf6 2. c4 e6 3. Nf3 d5 4. g3 Bb4+ 5. Bd2 Be7 6. Qc2 0-0 7. Bg2 Nbd7 8. 0-0 c6 9. Rd1 h6 10. b3 b6 11. a4 a5 12. cxd5 Nxd5 13. e4 Nb4 14. Bxb4 Bxb4 15. Nbd2 Bb7 16. Nc4 Qe7 17. Ne3 Rac8 18. Ne1 Rfd8 19. Nd3 Bd6 20. Rac1 Bb8 21. Qb2 Nf6 22. e5 Nd5 23. Nxd5 cxd5 24. Bf1 h5 25. Nf4 h4 26. Qd2 g6 27. Nh3 hxg3 28. hxg3 Kg7 29. Ng5 Rh8 30. Be2 Rcf8 31. f4 Rh6 32. Kg2 Rfh8 33. Rh1 Rxh1 34. Rxh1 Rxh1 35. Kxh1 Qa3 36. Bf1 Qa1 37. Kg2 Bc7 38. Nf3 Qb1 39. Qc3 Qa2+ 40. Kg1 Bd8 41. Bd3 Be7 42. Qc7 Qxb3 43. Qxe7 Qxd3 44. Qf6+ Kg8 45. Qd8+ Kg7 46. Qf6+ Kg8 47. Qd8+ Kg7 1/2-1/2

[Event "EU-Cup 37th"]
[Site "Mayrhofen"]
[Date "2022.10.06"]
[Round "4.3"]
[White "Thorn, Eric"]
[Black "Breder, Dennis"]
[Result "1/2-1/2"]
[WhiteElo "2351"]
[BlackElo "2450"]
[PlyCount "168"]
[EventDate "2022.10.03"]
[EventType "team-swiss"]
[EventRounds "7"]
[EventCountry "AUT"]
[SourceTitle "CBM 210 Extra"]
[Source "ChessBase"]
[SourceDate "2022.11.30"]
[SourceVersion "1"]
[SourceVersionDate "2022.11.30"]
[SourceQuality "1"]
[WhiteTeam "Stockholm SS"]
[BlackTeam "Riehen SG"]
[WhiteTeamCountry "SWE"]
[BlackTeamCountry "SUI"]

1. d4 e6 2. Nf3 c5 3. e3 Nf6 4. c4 d5 5. cxd5 exd5 6. Bb5+ Bd7 7. Bxd7+ Nbxd7 8. 0-0 Bd6 9. dxc5 Nxc5 10. Bd2 0-0 11. Bc3 Rc8 12. Bxf6 Qxf6 13. Nc3 Rfd8 14. Qd4 Qxd4 15. exd4 Nd3 16. Nxd5 Bxh2+ 17. Kxh2 Rxd5 18. b3 g5 19. Rad1 Nb4 20. Rd2 Nc6 21. g4 Rcd8 22. Rfd1 Kg7 23. Kg3 h6 24. Rd3 Kg6 25. R3d2 f6 26. Re2 h5 27. gxh5+ Kxh5 28. Re4 Kg6 29. Kg2 Kf5 30. Re3 g4 31. Nh4+ Kg5 32. Kg3 Nxd4 33. f4+ gxf3 34. Rxd4 Rxd4 35. Nxf3+ Kf5 36. Nxd4+ Rxd4 37. Re7 Rb4 38. Kf3 a5 39. Ke3 Rb5 40. Kf3 b6 41. Re8 Rc5 42. Rb8 Rc6 43. Ke3 Rd6 44. Rh8 Ke5 45. Re8+ Re6 46. Rd8 f5 47. Rf8 Rh6 48. Re8+ Kd6 49. Rf8 Re6+ 50. Kd3 Ke5 51. Ke3 Rc6 52. Re8+ Kd5 53. Rf8 Rc3+ 54. Kd2 Rf3 55. Ke2 Rf4 56. Rf6 Kc5 57. Ke3 Rf1 58. Ke2 Rf4 59. Ke3 Re4+ 60. Kd3 Re5 61. a3 Kb5 62. Kd4 Re4+ 63. Kd3 Re5 64. Kd4 Rc5 65. Kd3 Rd5+ 66. Kc3 Kc5 67. a4 Re5 68. Kd3 b5 69. axb5 Kxb5 70. Kc3 Re3+ 71. Kb2 Rf3 72. Rf8 f4 73. Ka3 Rf1 74. Rf5+ Kb6 75. Kb2 f3 76. Kc2 Kc6 77. Kd2 f2 78. Ke2 Rb1 79. Kxf2 Kb6 80. Rf3 Kb5 81. Ke2 Kb4 82. Kd2 Rxb3 83. Rxb3+ Kxb3 84. Kc1 a4 1/2-1/2

[Event "EU-Cup 37th"]
[Site "Mayrhofen"]
[Date "2022.10.04"]
[Round "2.3"]
[White "Asadli, Vugar Afgan Oglu"]
[Black "Thorn, Eric"]
[Result "0-1"]
[WhiteElo "2575"]
[BlackElo "2351"]
[PlyCount "68"]
[EventDate "2022.10.03"]
[EventType "team-swiss"]
[EventRounds "7"]
[EventCountry "AUT"]
[SourceTitle "CBM 210 Extra"]
[Source "ChessBase"]
[SourceDate "2022.11.30"]
[SourceVersion "1"]
[SourceVersionDate "2022.11.30"]
[SourceQuality "1"]
[WhiteTeam "Vugar Gashimov"]
[BlackTeam "Stockholm SS"]
[WhiteTeamCountry "AZE"]
[BlackTeamCountry "SWE"]

1. e4 e5 2. Nf3 Nc6 3. Bb5 a6 4. Ba4 Nf6 5. d4 exd4 6. 0-0 Be7 7. e5 Ne4 8. Nxd4 Nc5 9. Nf5 0-0 10. Qg4 g6 11. Bxc6 dxc6 12. Nxe7+ Qxe7 13. Qg3 Re8 14. Re1 Bf5 15. Nc3 Ne6 16. Ne4 Bxe4 17. Rxe4 Rad8 18. Re1 Qb4 19. c3 Qb5 20. h3 Rd3 21. Qh4 b6 22. Kh2 c5 23. f4 Qc4 24. Qf2 Ng7 25. g4 h5 26. Be3 hxg4 27. hxg4 g5 28. Rf1 f5 29. Rg1 Kf7 30. Rae1 Rh8+ 31. Kg2 Qe4+ 32. Kf1 Rh3 33. Rg3 Rxg3 34. Qxg3 gxf4 0-1

[Event "Isola del Sole op"]
[Site "Grado"]
[Date "2022.09.30"]
[Round "8"]
[White "Thorn, Eric"]
[Black "Sarkar, Justin"]
[Result "1-0"]
[WhiteElo "2342"]
[BlackElo "2355"]
[PlyCount "87"]
[EventDate "2022.09.24"]
[EventType "swiss"]
[EventRounds "9"]
[EventCountry "ITA"]
[SourceTitle "CBM 210 Extra"]
[Source "ChessBase"]
[SourceDate "2022.11.30"]
[SourceVersion "1"]
[SourceVersionDate "2022.11.30"]
[SourceQuality "1"]

1. d4 Nf6 2. c4 g6 3. Nc3 d5 4. cxd5 Nxd5 5. e4 Nxc3 6. bxc3 Bg7 7. Nf3 c5 8. Bb5+ Nc6 9. 0-0 0-0 10. Bxc6 bxc6 11. Qc2 cxd4 12. cxd4 Bg4 13. Ne5 Qxd4 14. Bb2 Qb6 15. Rab1 Bxe5 16. Bxe5 Qa6 17. Qc5 f6 18. Bc3 Qxa2 19. Rb2 Qf7 20. Rb7 Rfe8 21. e5 Qd5 22. Qe3 Bc8 23. Rc7 Qd8 24. Ba5 Ba6 25. Re1 Qd3 26. Qc1 Qc4 27. Qa3 Qd3 28. Qc1 Qc4 29. Qa3 Qd3 30. Qa1 Bc4 31. Rd1 Qf5 32. exf6 Bd5 33. fxe7 Qg4 34. f3 Bxf3 35. Qa2+ Bd5 36. Rxd5 cxd5 37. Qxd5+ Kg7 38. Bc3+ Kh6 39. Bd2+ Kg7 40. Bc3+ Kh6 41. Rc4 Qf5 42. Qd2+ g5 43. Rc6+ Kh5 44. h3 1-0

[Event "SWE-chT 2122 Elite"]
[Site "Sweden"]
[Date "2022.04.09"]
[Round "6"]
[White "Thorn, Eric"]
[Black "Crevatin, Leo"]
[Result "1/2-1/2"]
[WhiteElo "2325"]
[BlackElo "2238"]
[PlyCount "77"]
[EventDate "2021.12.03"]
[EventType "team-tourn"]
[EventRounds "9"]
[EventCountry "SWE"]
[SourceTitle "EXT 2024"]
[Source "ChessBase"]
[SourceDate "2023.10.10"]
[SourceVersion "1"]
[SourceVersionDate "2023.10.10"]
[SourceQuality "1"]
[WhiteTeam "Stockholm CC"]
[BlackTeam "Stockholm Rockaden"]
[WhiteTeamCountry "SWE"]
[BlackTeamCountry "SWE"]

1. Nf3 d5 2. c4 e6 3. e3 Nf6 4. Nc3 b6 5. Qa4+ c6 6. Be2 Bb7 7. 0-0 Bd6 8. b3 Nbd7 9. cxd5 exd5 10. Qh4 0-0 11. Nd4 Ne4 12. Qxd8 Rfxd8 13. Bb2 Nxc3 14. Bxc3 Nc5 15. f3 Rac8 16. Rac1 Ba6 17. Bxa6 Nxa6 18. Ba1 c5 19. Nb5 Bb8 20. a3 Nc7 21. Nxc7 Bxc7 22. Rc2 Bd6 23. Rfc1 Rc7 24. Bb2 Rdc8 25. g3 f6 26. Kf2 Kf7 27. d3 b5 28. e4 dxe4 29. dxe4 c4 30. bxc4 Rxc4 31. Rxc4 bxc4 32. a4 Rb8 33. Bd4 Rb4 34. Bxa7 Rxa4 35. Bd4 Ra2+ 36. Kg1 Ra4 37. Kf2 Ra2+ 38. Kg1 Ra4 39. Kf2 1/2-1/2

[Event "Hasselbacken op"]
[Site "Stockholm"]
[Date "2021.11.07"]
[Round "7"]
[White "Bellon Lopez, Juan Manuel"]
[Black "Thorn, Eric"]
[Result "0-1"]
[WhiteElo "2326"]
[BlackElo "2313"]
[PlyCount "94"]
[EventDate "2021.11.05"]
[EventType "swiss"]
[EventRounds "8"]
[EventCountry "SWE"]
[SourceTitle "CBM 205 Extra"]
[Source "ChessBase"]
[SourceDate "2022.01.31"]
[SourceVersion "1"]
[SourceVersionDate "2022.01.31"]
[SourceQuality "1"]

1. e4 e5 2. Nf3 Nc6 3. Nc3 Nf6 4. a3 d5 5. Bb5 Nxe4 6. Qe2 Qd6 7. Nxe4 dxe4 8. Qxe4 Bd7 9. d3 a6 10. Bc4 Be7 11. 0-0 f5 12. Qd5 0-0-0 13. Qxd6 cxd6 14. Ng5 Rde8 15. c3 h6 16. Nh3 g5 17. f3 Bd8 18. Nf2 Bb6 19. Re1 Ne7 20. Be3 Bc7 21. Bf7 Ref8 22. Bb3 f4 23. Bd2 h5 24. d4 Nf5 25. dxe5 dxe5 26. Bd5 g4 27. Nd3 Re8 28. b4 Be6 29. Bxe6+ Rxe6 30. Bxf4 gxf3 31. Bxe5 Bb6+ 32. Nc5 Rg8 33. Bg3 Rxe1+ 34. Rxe1 h4 35. Bf2 Rxg2+ 36. Kf1 Bxc5 37. Bxc5 Rxh2 38. Re8+ Kd7 39. Rf8 Ke6 40. Bf2 Rh1+ 41. Bg1 Ne3+ 42. Kf2 Ng4+ 43. Kxf3 Rxg1 44. Rh8 Ne5+ 45. Ke3 Rg3+ 46. Kd4 Rg4+ 47. Kc5 Nd7# 0-1

[Event "Hasselbacken op"]
[Site "Stockholm"]
[Date "2021.11.05"]
[Round "4"]
[White "Thorn, Eric"]
[Black "Seo, Jung Min"]
[Result "0-1"]
[WhiteElo "2313"]
[BlackElo "2455"]
[PlyCount "96"]
[EventDate "2021.11.05"]
[EventType "swiss"]
[EventRounds "8"]
[EventCountry "SWE"]
[SourceTitle "CBM 205 Extra"]
[Source "ChessBase"]
[SourceDate "2022.01.31"]
[SourceVersion "1"]
[SourceVersionDate "2022.01.31"]
[SourceQuality "1"]

1. d4 Nf6 2. c4 e6 3. Nf3 d5 4. Nc3 dxc4 5. e4 b5 6. e5 Nd5 7. Nxb5 Nb6 8. Be2 Nc6 9. 0-0 Be7 10. Qd2 0-0 11. Qf4 Nb4 12. Qg3 Kh8 13. Rd1 Bb7 14. Nc3 f5 15. Bg5 N4d5 16. Rac1 Bxg5 17. Qxg5 Qd7 18. Nxd5 Bxd5 19. Qh4 Qa4 20. b3 cxb3 21. Rxc7 bxa2 22. Qe7 Rg8 23. Ng5 Raf8 24. Rcc1 h6 25. Nf7+ Kh7 26. Nxh6 Re8 27. Qf7 Rgf8 28. Qh5 gxh6 29. Rc7+ Nd7 30. Bf1 Re7 31. Qh4 Rg7 32. Rcc1 Bxg2 33. Bxg2 Rfg8 34. Kh1 Rxg2 35. Qe7+ R2g7 36. Qxe6 Qa3 37. Qxf5+ Kh8 38. e6 Nf8 39. Qf6 Nxe6 40. Rg1 Qh3 41. Rxg7 Nxg7 42. Rg1 Qh5 43. f3 Kh7 44. d5 Nf5 45. Rxg8 Kxg8 46. Qe6+ Kh7 47. Qd7+ Ng7 48. Qxa7 Qxf3+ 0-1

[Event "SWE-chT Lag SM"]
[Site "Stockholm"]
[Date "2021.10.23"]
[Round "2.2"]
[White "Thorn, Eric"]
[Black "Storme, Isak"]
[Result "0-1"]
[WhiteElo "2334"]
[BlackElo "2331"]
[PlyCount "82"]
[EventDate "2021.10.22"]
[EventType "team-tourn"]
[EventRounds "3"]
[EventCountry "SWE"]
[SourceTitle "CBM 204 Extra"]
[Source "ChessBase"]
[SourceDate "2021.11.30"]
[SourceVersion "1"]
[SourceVersionDate "2021.11.30"]
[SourceQuality "1"]
[WhiteTeam "Stockholm SS"]
[BlackTeam "Lunds"]
[WhiteTeamCountry "SWE"]
[BlackTeamCountry "SWE"]

1. d4 Nf6 2. c4 e6 3. Nf3 d5 4. Nc3 Bb4 5. Bg5 h6 6. Bxf6 Qxf6 7. Qa4+ Nc6 8. e3 0-0 9. Rc1 Rd8 10. a3 Bxc3+ 11. Rxc3 e5 12. cxd5 exd4 13. Rc5 Qd6 14. Qc2 Ne7 15. e4 Bg4 16. e5 Qb6 17. Rb5 Qg6 18. Bd3 Bf5 19. Bxf5 Qxg2 20. Rg1 Qxf3 21. Be4 Qf4 22. e6 f5 23. Bh1 Qxh2 24. Kf1 Rab8 25. Rb3 Qe5 26. Rbg3 g5 27. Qd1 f4 28. Rh3 Kg7 29. Qh5 Qf6 30. Be4 Rh8 31. Rd3 Rbd8 32. Rxd4 Rd6 33. Rd3 c6 34. dxc6 Rxd3 35. Bxd3 Nxc6 36. Bc4 Ne5 37. Qe2 Rc8 38. Bd5 Rc1+ 39. Kg2 f3+ 40. Bxf3 Qxf3+ 41. Qxf3 Rxg1+ 0-1